UM Logo

The impact of temporal distance and need for status on employee evaluations of corporate social responsibility campaigns/ (Record no. 18024)

MARC details
000 -LEADER
fixed length control field 00870nam a22002297a 4500
003 - CONTROL NUMBER IDENTIFIER
control field OSt
005 - DATE AND TIME OF LATEST TRANSACTION
control field 20250214062520.0
008 - FIXED-LENGTH DATA ELEMENTS--GENERAL INFORMATION
fixed length control field 230325b ||||| |||| 00| 0 eng d
040 ## - CATALOGING SOURCE
Transcribing agency 0
082 ## - DEWEY DECIMAL CLASSIFICATION NUMBER
Classification number DPer 647.94068 In821 2020 v21 no. 1-4
100 ## - MAIN ENTRY--PERSONAL NAME
Personal name Hanks, Lydia.
Relator term author.
9 (RLIN) 48221
245 ## - TITLE STATEMENT
Title The impact of temporal distance and need for status on employee evaluations of corporate social responsibility campaigns/
Statement of responsibility, etc. Lydia Hanks, Lu Zhang, and Sean McGinley
260 ## - PUBLICATION, DISTRIBUTION, ETC. (IMPRINT)
Place of publication, distribution, etc. United Kingdom :
Name of publisher, distributor, etc. Taylor & Francis Group,
Date of publication, distribution, etc. April-June 2020.
300 ## - PHYSICAL DESCRIPTION
Extent Volume 21, pages 188-204 illustration.
650 ## - SUBJECT ADDED ENTRY--TOPICAL TERM
Topical term or geographic name as entry element Employees.
9 (RLIN) 48213
650 ## - SUBJECT ADDED ENTRY--TOPICAL TERM
Topical term or geographic name as entry element Hospitality industry.
9 (RLIN) 48222
650 #0 - SUBJECT ADDED ENTRY--TOPICAL TERM
Topical term or geographic name as entry element Service industries.
9 (RLIN) 15189
700 ## - ADDED ENTRY--PERSONAL NAME
Personal name Hanks, Lydia.
Relator term author.
9 (RLIN) 48221
700 ## - ADDED ENTRY--PERSONAL NAME
Personal name Zhang, Lu.
Relator term author.
9 (RLIN) 48223
700 ## - ADDED ENTRY--PERSONAL NAME
Personal name McGinley, Sean.
Relator term author.
9 (RLIN) 48224
942 ## - ADDED ENTRY ELEMENTS (KOHA)
Source of classification or shelving scheme Dewey Decimal Classification
Koha item type Periodicals
Holdings
Withdrawn status Lost status Source of classification or shelving scheme Damaged status Not for loan Collection code Home library Current library Date acquired Total Checkouts Full call number Date last seen Price effective from Koha item type Public note
    Dewey Decimal Classification     Periodicals UM Digos College - LIC UM Digos College - LIC 03/25/2023   DPer 647.94068 In821 2020 v21 no. 1-4 03/25/2023 03/25/2023 Periodicals Periodical Article